| 000 | 00525nam a2200181Ia 4500 | ||
|---|---|---|---|
| 001 | 16324 | ||
| 005 | 20260306170301.0 | ||
| 008 | 260306t2011||||xx |||||||||||||| ||und|| | ||
| 041 | _aESP | ||
| 082 |
_a348.21 _bP26 |
||
| 100 |
_aParra Lucán, María Ángeles _eAUT |
||
| 245 | 0 |
_aLa protección del consumidor frente a los daños: _bresponsabilidad civil del fabricante y del prestador de servicios |
|
| 260 | _c2011 | ||
| 300 |
_a326 páginas : _c24 cm. |
||
| 650 | _aGEN | ||
| 654 | _aCDE | ||
| 942 |
_cLIB _dJUS _fJUS _2ddc _n |
||
| 999 |
_c16324 _d16324 |
||